Logo Biblioteca

Maldición eterna a quien lea estas páginas / (Registro nro. 889)

Detalles MARC
000 -LEADER
fixed length control field 01373nam a22002537a 4500
003 - CONTROL NUMBER IDENTIFIER
control field AR-RoUNCS
005 - DATE AND TIME OF LATEST TRANSACTION
control field 20260209140220.0
008 - FIXED-LENGTH DATA ELEMENTS--GENERAL INFORMATION
fixed length control field 140401s2010 ag gr 001 f spa
015 ## - NATIONAL BIBLIOGRAPHY NUMBER
National bibliography number AR-2010
020 ## - INTERNATIONAL STANDARD BOOK NUMBER
International Standard Book Number 978-987-580-392-3
040 ## - CATALOGING SOURCE
Original cataloging agency AR-BaBN
Language of cataloging spa
Transcribing agency AR-RoUNCS
Description conventions aacr
044 ## - COUNTRY OF PUBLISHING/PRODUCING ENTITY CODE
MARC country code ag
ISO country code ar-c
080 1# - UNIVERSAL DECIMAL CLASSIFICATION NUMBER
Universal Decimal Classification number 82-31(82)
Edition identifier 2016
100 1# - MAIN ENTRY--PERSONAL NAME
Personal name Puig, Manuel,
Dates associated with a name 1932-1990
Relator term autor
Relationship aut
245 10 - TITLE STATEMENT
Title Maldición eterna a quien lea estas páginas /
Statement of responsibility, etc. Manuel Puig.
250 ## - EDITION STATEMENT
Edition statement 1a ed.
260 ## - PUBLICATION, DISTRIBUTION, ETC.
Place of publication, distribution, etc. Buenos Aires :
Name of publisher, distributor, etc. Booket,
Date of publication, distribution, etc. 2010.
300 ## - PHYSICAL DESCRIPTION
Extent 256 p. ;
Dimensions 19 cm.
490 0# - SERIES STATEMENT
Series statement Novela
520 3# - SUMMARY, ETC.
Summary, etc. Dos soledades en Nueva York: un lisiado y su acompañante, ambos hostigados por el fantasma de una mujer esperada, rechazada o perdida para siempre. Uno es argentino, tiene setenta y cuatro años y es escritor y ex preso político; el otro tiene treinta y seis, es profesor de historia, divorciado, estadounidense. El primero no quiere recordar lo que le ha ocurrido; el segundo no puede olvidar. La necesidad de afecto y los obstáculos para comunicarse definen la trama de esta novela, donde los personajes se confrontan, proyectan, descubren y reinventan a través de diálogos y silencios, extremo punto de encuentro y desencuentro de dos individuos tanto como de dos culturas.
650 #7 - SUBJECT ADDED ENTRY--TOPICAL TERM
Source of heading or term embne
Topical term or geographic name entry element Literatura argentina
655 #7 - INDEX TERM--GENRE/FORM
Genre/form data or focus term Novelas
Source of term embne
942 ## - ADDED ENTRY ELEMENTS (KOHA)
Source of classification or shelving scheme Universal Decimal Classification
Koha item type Libro de préstamo a domicilio
Suppress in OPAC No
Existencias
Withdrawn status Lost status Source of classification or shelving scheme Damaged status Not for loan Collection Home library Current library Date acquired Source of acquisition Total checkouts Full call number Barcode Date last seen Price effective from Koha item type
    Universal Decimal Classification     Colección General Biblioteca Escuela de Ciencias Sociales Biblioteca Escuela de Ciencias Sociales 09/02/2026 Donación 2023   82-31(82) P979 000573 09/02/2026 09/02/2026 Libro de préstamo a domicilio
Biblioteca de la Escuela Preuniversitaria en Ciencias Sociales y Humanísticas.
Riobamba 250 bis.
CP 2000 - Rosario - Santa Fe
E-Mail: biblioteca@esociales.unr.edu.ar